Listening in action

Saved in:
Bibliografiske detaljer
Hovedforfatter: Keeler, Stephen (Author)
Format: Bog
Sprog:engelsk
Udgivet: Essex Longman 1988
Serier:Longman Pre-Intermediate Listening Skills
Fag:
Tags: Tilføj Tag
Ingen Tags, Vær først til at tagge denne postø!

MARC

LEADER 00000cam a2200000 a 4500
001 UCF5954
003 CL-VaPUC
008 130404e19880000UK |||||||||||||||||eng|d
020 |a 0582795389 
082 0 4 |a 428.0071  |b KEE  |2 21 
100 0 |a Keeler, Stephen  |e author  |9 567978 
245 1 0 |a Listening in action 
300 |a 64 p 
942 |c BK 
945 |d 20130404 00:00:00  |a dcastane 
260 |a Essex  |b Longman  |c 1988 
650 0 |a Enseñanza del inglés  |9 367340 
650 0 |a Educación lingüística  |9 306506 
583 |a last modification  |c 20170829 04:55:33  |k Rodrigo Vera 
490 0 |a Longman Pre-Intermediate Listening Skills 
999 |c 351347  |d 351345 
952 |0 0  |1 0  |4 0  |6 428_007100000000000_KEE_1988  |7 0  |8 A  |9 455394  |a BIBEDU  |b BIBEDU  |d 2019-11-22  |i 4809807  |l 1  |o 428.0071 KEE 1988  |p 4809807  |r 2023-08-31  |s 2023-08-31  |w 2019-11-22  |y BK  |k LIT